000 01786nam0a2200349 4500
001 RU\NLR\bibl\267689
005 20240725230700.0
020 _aRU
_b01-06503
_9Летопись авторефератов диссертаций
021 _aRU
_b00-12708а
_900-509А
035 _a(NLR Aleph) 000263255
090 _a1538139
_c1538139
100 _a20011123d2000 u u0rusy50 ca
101 0 _arus
102 _aRU
105 _aa dm 000yy
200 1 _aРазвитие у слушателей военно-медицинского института потребности в овладении знаниями общевоенных дисциплин
_e(На материалах изучения общевоен. дисциплин воен.-мед. ин-та)
_eАвтореф. дис. на соиск. учен. степ. к.п.н.
_eСпец. 13.00.08
_fГанюшкин С.В.
_g[Сарат. воен.-мед. ин-т]
210 _aСаратов
_d2000
215 _a23, [1] с.
_d20
320 _aБиблиогр.: с. 23-24.
610 0 _aПедагогические науки
675 _a355.232.6:61
_v3
_zrus
686 _a68
_2rubbk
686 _a13.00.08
_2oksvnk
700 1 _aГанюшкин
_bС. В.
_gСергей Викторович
801 0 _aRU
_bRKP
_c20011123
_gPSBO
801 1 _aRU
_bRKP
_c20011123
801 2 _aRU
_bNLR
_c20020729
_grcr
852 _aNLR
_jА2000/12708
901 _eАвторефераты
942 _cBOOK
981 1 0 _a(10) Авторефераты
_b(10) 13.00.00 Педагогические науки
_b13.00.08 Теория и методика профессионального образования